000 00850cam a22002531a 4500
001 000019743
005 20200929170125.0
008 780915s1968 sp 001 f spa
035 _a(OCoLC)4227990
040 _aDO-SdBNP
_cInLP
_dDLC
_dBNPHU
082 _a863.62
_bF363h, 1968
100 1 _aFernández-Flórez, Wenceslao.
_942203
245 1 3 _aEl hombre que compro un automovil /
_cWenceslao Fernández Flórez.
250 _a6a ed.
260 _aMadrid :
_bEspasa-Calpe,
_c1968.
300 _a160 p. ;
_c18 cm.
490 0 _aAustral. Azul: novelas y cuentos en general
_v325
500 _aIncluye índice de autores.
650 4 _aNovela española
_91123
650 4 _aLiteratura española
_ySIGLO XX
_93326
830 0 _aAustral ;
_pAzul : novelas y cuentos generales.
_v325
_942204
910 _aCatalogación derivada / LC
049 _aBNGR
999 _c19257
_d19257